000 00359nam a22001577a 4500
999 _c4389
_d4388
005 20210831112551.0
008 160628b xxu||||| |||| 00| 0 eng d
041 _aeng
082 _b10745
100 _aDiwan, Paras
_93032
245 _aModern Hindu Law
260 _bAllahabad law agency
_c2001
300 _a509
650 _aManagement
_9241
942 _cBK